Real time implementation of PC based echo cancellation system / (Record no. 182759)

000 -LEADER
fixed length control field 00783 a2200205 4500
003 - CONTROL NUMBER IDENTIFIER
control field NUST
005 - DATE AND TIME OF LATEST TRANSACTION
control field 20251112153005.0
040 ## - CATALOGING SOURCE
Transcribing agency Nust
082 ## - DEWEY DECIMAL CLASSIFICATION NUMBER
Classification number 621.382,SHA
100 ## - MAIN ENTRY--PERSONAL NAME
Personal name Shahzad , GC Bilal (TCC-11)
9 (RLIN) 131842
245 ## - TITLE STATEMENT
Title Real time implementation of PC based echo cancellation system /
Statement of responsibility, etc. GC Bilal Shahzad, GC Qamar Abbas Bukhari and GC Waqqas Haider
260 ## - PUBLICATION, DISTRIBUTION, ETC.
Place of publication, distribution, etc. Rawalpindi
Name of publisher, distributor, etc. MCS (NUST)
Date of publication, distribution, etc. 2003
300 ## - PHYSICAL DESCRIPTION
Extent 96 p.;
505 ## - FORMATTED CONTENTS NOTE
Formatted contents note Echo in network (Page-2), Adaptive Filtering (Page-15), Telephone Line Audio Interface Circuits (Page-27), Descriptions of Auto Card (Page-48), Design and Implementation Issues (Page- 73).
538 ## - SYSTEM DETAILS NOTE
System details note
650 ## - SUBJECT ADDED ENTRY--TOPICAL TERM
Topical term or geographic name entry element UG Projects
9 (RLIN) 98716
651 ## - SUBJECT ADDED ENTRY--GEOGRAPHIC NAME
Geographic name TCC-11
9 (RLIN) 131828
700 ## - ADDED ENTRY--PERSONAL NAME
Personal name Supervised by Dr. Jamil Ahmed
9 (RLIN) 131843
942 ## - ADDED ENTRY ELEMENTS (KOHA)
Koha item type Project Report
Source of classification or shelving scheme
Holdings
Withdrawn status Lost status Source of classification or shelving scheme Damaged status Not for loan Permanent Location Current Location Shelving location Date acquired Full call number Barcode Date last seen Price effective from Koha item type Public note
          Military College of Signals (MCS) Military College of Signals (MCS) Reference 12/12/2016 621.382,SHA MCSPTC-49 12/08/2016 12/12/2016 Project Report Almirah No. 94, Shelf No. 1
© 2023 Central Library, National University of Sciences and Technology. All Rights Reserved.